LoL Worlds Top 20 2018 - Statistics

General Stats
  • This quiz has been taken 66 times
    64 since last reset
  • The average score is 14 of 20
Answer Stats
Hint Answer % Correct
4 Caps
98%
1 Rookie
96%
3 TheShy
96%
14 Baolan
88%
8 Jackeylove
88%
2 Ning
88%
5 Rekkles
88%
7 Perkz
85%
20 Bwipo
79%
6 Broxah
77%
10 Uzi
73%
15 Wunder
73%
12 Deft
69%
18 Ming
63%
16 Mata
62%
9 Jensen
46%
19 Scout
46%
13 Ucal
44%
17 Sneaky
40%
11 Svenskerren
31%
No matching quizzes found
Score Distribution
Percent of People with Each Score
Percentile by Number Answered
Your Score History
You have not taken this quiz since the last reset